00385nam a22001337a 4500003000600000005001700006008004100023040000800064082001300072245006000085260005600145300000900201650004100210GBCCL20241126110733.0240808b ||||| |||| 00| 0 eng d cgbc a050bMAN aManmasi yearbook :b2006-2007 /cTimothy Z Zote, editor aChurachandpur : bManmasi yearbook, inc pvt, c2007 a719p aGeneralitiesvEncyclopediaxYearbook